| 000 | 01241nam0a22002891 4500 | ||
|---|---|---|---|
| 001 | rc\2694115 | ||
| 005 | 20230517164433.0 | ||
| 035 | _a(NLR Aleph) 006822321 | ||
| 090 |
_a6456861 _c6456861 |
||
| 100 | _a20110915d1933 |||y0rusy50 ca | ||
| 101 | 1 |
_arus _ceng |
|
| 102 | _aRU | ||
| 105 | _aa z ||||| | ||
| 200 | 1 |
_aВлияние холодной прокатки и термической обработки на некоторые сплавы свинца _fГ. Уотергауз, Р. Уиллоу _gПер. с англ. под ред. проф. П. С. Истомина |
|
| 210 |
_a[Москва] _a[Ленинград] _cЦветметиздат _d1933 _eЛенинград _gтип. им. Евг. Соколовой |
||
| 215 |
_a22, [2] с. _cил. _d22x15 см. |
||
| 300 | _aНа 2 с. обл.: "H. Waterhouse and K. Willows. The effects of cold-rolling and of heat-treatment on some lead alloys"... | ||
| 320 | _aБиблиогр.: "Литература" (15 назв.) | ||
| 700 | 1 |
_aВотерхауз _bГ. |
|
| 701 | 1 |
_aВиллоуз _bР. |
|
| 702 | 1 |
_aИстомин _bП. С. _4340 |
|
| 801 | 0 |
_aRU _bNLR _gpsbo |
|
| 801 | 1 |
_aRU _bELAR _2rusmarc |
|
| 852 |
_aNLR _j33-11/626 |
||
| 942 | _cBOOK | ||
| 980 | _aNB | ||